Catálogo

EL DIOS DE LA LLUVIA LLORA SOBRE MEJICO (Registro nro. 34602)

Detalles MARC
000 -LEADER
fixed length control field 00455nam a2200169 a 4500
001 - CONTROL NUMBER
control field 34602
005 - DATE AND TIME OF LATEST TRANSACTION
control field 20180714002747.0
008 - FIXED-LENGTH DATA ELEMENTS--GENERAL INFORMATION
fixed length control field 140415s1967 000 0 spa d
041 ## - LANGUAGE CODE
Language code of text/sound track or separate title spa
082 ## - DEWEY DECIMAL CLASSIFICATION NUMBER
Classification number 894.511
Item number PAS
100 1# - MAIN ENTRY--PERSONAL NAME
Personal name PASSUTH, LAZLO
245 13 - TITLE STATEMENT
Title EL DIOS DE LA LLUVIA LLORA SOBRE MEJICO
260 ## - PUBLICATION, DISTRIBUTION, ETC.
Place of publication, distribution, etc. [s.l.] :
Name of publisher, distributor, etc. LUIS DE CARALT,
Date of publication, distribution, etc. 1967
300 ## - PHYSICAL DESCRIPTION
Extent 583
490 ## - SERIES STATEMENT
Series statement GIGANTE
650 14 - SUBJECT ADDED ENTRY--TOPICAL TERM
Topical term or geographic name entry element LITERATURA HUNGARA
General subdivision NOVELA HUNGARA
Existencias
Withdrawn status Lost status Source of classification or shelving scheme Damaged status Not for loan Collection code Home library Current library Shelving location Date acquired Source of acquisition Inventory number Total Checkouts Full call number Barcode Date last seen Price effective from Koha item type
    Dewey Decimal Classification     General Biblioteca Karol Wojtyla Biblioteca Karol Wojtyla Sala general 03/12/2013 Compra 151000000000000000034646   894.511 PAS 52353 05/01/2026 03/12/2013 Libro